La extinción de las especies (Registro nro. 4884)

Detalles MARC
000 -LEADER
fixed length control field 01148 a2200253 4500
001 - CONTROL NUMBER
control field 49789
005 - DATE AND TIME OF LATEST TRANSACTION
control field 20260407155759.0
008 - FIXED-LENGTH DATA ELEMENTS--GENERAL INFORMATION
fixed length control field 260407a1992 arg spa d
003 - CONTROL NUMBER IDENTIFIER
control field AR-UNSa-BCEJYS
040 ## - CATALOGING SOURCE
Original cataloging agency AR-UNSa-BCEJYS
Language of cataloging spa
Transcribing agency AR-UNSa-BCEJYS
080 ## - UNIVERSAL DECIMAL CLASSIFICATION NUMBER
Universal Decimal Classification number 575.8
Common auxiliary subdivision Evolución. origen de las especies. filogenia
020 ## - INTERNATIONAL STANDARD BOOK NUMBER
International Standard Book Number 84-7615-926-9
041 ## - LANGUAGE CODE
Language code of text/sound track or separate title spa
100 1# - MAIN ENTRY--PERSONAL NAME
Personal name Erickson, Jon
245 10 - TITLE STATEMENT
Title La extinción de las especies
Name of part/section of a work evolución, causas y efectos
264 #1 - PRODUCTION, PUBLICATION, DISTRIBUTION, MANUFACTURE, AND COPYRIGHT NOTICE
Place of production, publication, distribution, manufacture Madrid :
Name of producer, publisher, distributor, manufacturer McGraw-Hill
Date of production, publication, distribution, manufacture, or copyright notice 1992
300 ## - PHYSICAL DESCRIPTION
Extent x, 212 p.
Dimensions 21 cm.
505 ## - FORMATTED CONTENTS NOTE
Formatted contents note 1. El origen de la vida - 2. La historia de la vida - 3. Las grandes extinciones - 4. La evolución de las especies - 5. Los efectos de las extinciones - 6. Causas celestes de las extinciones - 7. Causas terrestres de las extinciones - 8. Las glaciaciones - 9. El calentamiento del efecto invernadero - 10. La extinción global.
590 ## - LOCAL NOTE (RLIN)
Local note niveau_biblio:m niveau_hierar:0
700 1# - ADDED ENTRY--PERSONAL NAME
Personal name Español Echániz, Ignacio
700 1# - ADDED ENTRY--PERSONAL NAME
Personal name Fernández Martín, Manuel J.
856 41 - ELECTRONIC LOCATION AND ACCESS
Uniform Resource Identifier <a href="https://www.biblioeco.unsa.edu.ar/pmb/images/libros/L128182.jpg">https://www.biblioeco.unsa.edu.ar/pmb/images/libros/L128182.jpg</a>
Link text Imagen de portada
Electronic format type image/jpeg
942 ## - ADDED ENTRY ELEMENTS (KOHA)
Koha item type
Existencias
Withdrawn status Lost status Damaged status Not for loan Home library Current library Shelving location Date acquired Total checkouts Full call number Barcode Date last seen Price effective from Koha item type
        Biblioteca Prof. Eusebio Cleto del Rey Biblioteca Prof. Eusebio Cleto del Rey   07/04/2026   575.8 E68 L128182 07/04/2026 07/04/2026 Libro